El Financiamiento externo, el desarrollo de América Latina y el Caribe y las relaciones interamericanas de cooperación /

Сохранить в:
Библиографические подробности
Корпоративные авторы: CIES, OEA
Формат: Текст
Опубликовано: Caracas: CIES
Метки: Добавить метку
Нет меток, Требуется 1-ая метка записи!

MARC

LEADER 00000 a a2200000 04500
001 22703
003
040
090 |a 154900  
110 |a CIES  
245 |a El Financiamiento externo, el desarrollo de América Latina y el Caribe y las relaciones interamericanas de cooperación /  |c CIES  
260 |a Caracas:   |b CIES  
710 |a OEA  
999 |c 14165  |d 14165